00734nam a2200217Ia 4500001000700000003000500007008004100012010001100053040000900064100003000073245013100103260004100234300001000275502007500285650002200360650001900382650002100401650003300422650003600455650002500491Z_5338CHAP220113s2006 xx 000 0 und d a168405 cCHAP aRamírez Madera, Alfredo aPerfil Lipídico de la carne de pollos alimentados con combinaciones de aceite de soya y atún /cAlfredo Ramírez Madera aChapingo, Méx. :bEl autor,c2006 a59 h. aTesis (Ing. Agr. Esp. en Zootecnia) -- UACH. Departamento de Zootecnia aAceite de atún  aAceite de soya aÁcidos grasos  aAves de corral xx Engorda  aAves de corralxAlimentación  aPollos xx Engorda